000
00320nam a2200133Ia 4500
008
150301s2015 xx 000 0 und d
082
_a
616.07
_b
Q09T
100
_a
S. TAMBNEKAR
245
_a
QUALITY ASSURANCE IN LABORATORY MEDICINE
260
_b
B.I.PUBLISHER
300
_a
198
650
_a
PHARMACY
942
_2
ddc
_c
BK
999
_c
7084
_d
7084